Summaries; Известия Томского политехнического университета [Известия ТПУ]; Т. 314, № 2: Математика и механика. Физика

التفاصيل البيبلوغرافية
Parent link:Известия Томского политехнического университета [Известия ТПУ]/ Томский политехнический университет (ТПУ).— , 2000-
Т. 314, № 2: Математика и механика. Физика.— 2009.— [С. 180-183]
الملخص:Заглавие с титульного листа
Электронная версия печатной публикации
Приведены рефераты статей данного номера на английском языке.
اللغة:الروسية
منشور في: 2009
الموضوعات:
الوصول للمادة أونلاين:http://www.lib.tpu.ru/fulltext/v/Bulletin_TPU/2009/v314/i2/45.pdf
التنسيق: MixedMaterials الكتروني فصل الكتاب
KOHA link:https://koha.lib.tpu.ru/cgi-bin/koha/opac-detail.pl?biblionumber=174423

MARC

LEADER 00000nla2a2200000 4500
001 174423
005 20231031164659.0
035 |a (RuTPU)RU\TPU\book\189149 
035 |a RU\TPU\book\188827 
090 |a 174423 
100 |a 20100127d2009 k y0rusy50 ca 
101 0 |a rus 
102 |a RU 
135 |a drnn ---uucaa 
181 0 |a i  
182 0 |a b 
200 1 |a Summaries  |b Электронный ресурс  |d Рефераты статей 
203 |a Текст  |c электронный 
215 |a 1 файл (121 Кб) 
230 |a Электронные текстовые данные (1 файл : 121 Кб) 
300 |a Заглавие с титульного листа 
300 |a Электронная версия печатной публикации 
330 |a Приведены рефераты статей данного номера на английском языке. 
337 |a Adobe Reader 
461 1 |0 (RuTPU)RU\TPU\book\176237  |t Известия Томского политехнического университета [Известия ТПУ]  |f Томский политехнический университет (ТПУ)  |d 2000- 
463 1 |0 (RuTPU)RU\TPU\book\188988  |x 1684-8519  |t Т. 314, № 2: Математика и механика. Физика  |v [С. 180-183]  |d 2009  |p 187 с. 
610 1 |a электронный ресурс 
801 1 |a RU  |b 63413507  |c 20090623  |g PSBO 
801 2 |a RU  |b 63413507  |c 20211210  |g PSBO 
856 4 |u http://www.lib.tpu.ru/fulltext/v/Bulletin_TPU/2009/v314/i2/45.pdf 
942 |c CF